000 02608nam a2200529 i 4500
001 194804
003 SpMaBN
005 20250815120751.0
007 ta
008 240517s2018 sp a | ||||o001 0 spa
017 _aB 3162-2018
_bOficina Depósito Legal Barcelona
020 _a9788492462483
_qBNE
_qobra completa
020 _a9788460888277
_qFundación Arquia
_qobra completa
020 _a9788469792896
_qFundación Arquia
_qv. 1
020 _a9788469792902
_qFundación Arquia
_qv. 2
024 7 _aNIPO 032-15-029-2
_2nipo
035 _a(OCoLC)1055859402
035 _aa6321280
040 _aSpMaBN
_bspa
_cSpMaBN
_erdc
_dES-MaACL
080 _a016:72.012
080 _a017.1(460.271)
110 2 _aBiblioteca Nacional de España
_9234950
245 1 0 _aDibujos de arquitectura y ornamentación de la Biblioteca Nacional.
_nTomo III,
_pSiglo XIX /
_c[edición científica, Isabel Clara García-Toraño Martínez ; asesor científico, Pedro Navascués Palacio ; autores de los textos, Mercedes Águeda Villar ... et al.]
260 _aBarcelona :
_bFundación Arquia ;
_aMadrid :
_bBiblioteca Nacional de España,
_cD.L. 2018.
300 _a2 v. (483, 291 p.) :
_bprincipalmente il. col. ;
_c22 x 24 cm
336 _aImagen (fija ; bidimensional ; visual)
_aTexto (visual)
_2isbdcontent
337 _asin mediación
_2isbdmedia
338 _2rdacarrier
_avolumen
490 1 _aColección Arquia/temas ;
_vn. 41
500 _aCatalogación provisional. Signatura: N 8642 y N 8643. Depósito J.
504 _aIncluye referencias bibliográficas e índices
650 0 _aDibujo de arquitectura-
_zBiblioteca Nacional de España-
_vCatálogos
_9236443
650 0 _aDibujo-
_yS.XIX-
_zBiblioteca Nacional de España-
_vCatálogos
_9236444
655 7 _aCatálogos de exposiciones
_2tgfbne
_9193628
700 1 _aGarcía-Toraño Martínez, Isabel Clara
_9236445
700 0 _aNavascués Palacio, Pedro,
_d1942-2022
_985218
830 _aColección Arquia/temas ;
_9236446
_v41
852 _aES-MaACL
_bR.153398
_cDEPOJ
_jN-8642
_hDonación: Biblioteca Nacional de España
_pt.III,v.1
_9202452
_zEn proceso
852 _aES-MaACL
_bR.153399
_cDEPOJ
_jN-8643
_hDonación: Biblioteca Nacional de España
_pt.III,v.2
_9202451
_zEn proceso
901 _aMON1809
914 _aBiblioteca Nacional de España
_9234950
942 _n0
_cMONOGRAFIA
999 _c194804
_d194804